Forjadores del mundo contemporáneo : (Registro nro. 15514)
[ vista simple ]
| 000 -LEADER | |
|---|---|
| fixed length control field | 01022nam a22002657a 4500 |
| 003 - CONTROL NUMBER IDENTIFIER | |
| control field | OSt |
| 005 - DATE AND TIME OF LATEST TRANSACTION | |
| control field | 20210405150854.0 |
| 008 - FIXED-LENGTH DATA ELEMENTS--GENERAL INFORMATION | |
| fixed length control field | 210405s1988 ck ao||gr|||| 00| 0 spa |
| 020 ## - INTERNATIONAL STANDARD BOOK NUMBER | |
| International Standard Book Number | 9586141772 (obra completa) |
| 020 ## - INTERNATIONAL STANDARD BOOK NUMBER | |
| International Standard Book Number | 9586141780 (tomo 1) |
| 020 ## - INTERNATIONAL STANDARD BOOK NUMBER | |
| International Standard Book Number | 9586141799 (tomo 2) |
| 020 ## - INTERNATIONAL STANDARD BOOK NUMBER | |
| International Standard Book Number | 9586141802 (tomo 3) |
| 020 ## - INTERNATIONAL STANDARD BOOK NUMBER | |
| International Standard Book Number | 9586141810 (tomo 4) |
| 040 ## - CATALOGING SOURCE | |
| Original cataloging agency | CO-JMCR |
| Transcribing agency | CO-JMCR |
| 041 0# - LANGUAGE CODE | |
| Language code of text/sound track or separate title | spa |
| 082 04 - DEWEY DECIMAL CLASSIFICATION NUMBER | |
| Classification number | R / 920 / |
| Item number | P979f |
| Edition number | 23 |
| 100 1# - MAIN ENTRY--PERSONAL NAME | |
| Personal name | Pujol, Carlos, |
| Relator term | autor |
| 9 (RLIN) | 36613 |
| 245 14 - TITLE STATEMENT | |
| Title | Forjadores del mundo contemporáneo : |
| Remainder of title | los 131 personajes que más han influido en la formación de nuestro mundo : colección de biografías / |
| Statement of responsibility, etc. | Carlos Pujol ; selección de ilustraciones, M.ª Teresa Arbó |
| 260 ## - PUBLICATION, DISTRIBUTION, ETC. | |
| Place of publication, distribution, etc. | Bogotá : |
| Name of publisher, distributor, etc. | Planeta, |
| Date of publication, distribution, etc. | 1988 |
| 300 ## - PHYSICAL DESCRIPTION | |
| Extent | 4 volúmenes : |
| Other physical details | ilustraciones y fotografías en blanco y negro ; |
| Dimensions | 25 cm. |
| 500 ## - GENERAL NOTE | |
| General note | Incluye índice al final de cada tomo. |
| 650 14 - SUBJECT ADDED ENTRY--TOPICAL TERM | |
| Topical term or geographic name entry element | Biografías |
| 9 (RLIN) | 1084 |
| 700 ## - ADDED ENTRY--PERSONAL NAME | |
| Personal name | Arbó, M.ª Teresa, |
| Relator term | Selección de ilustraciones |
| 9 (RLIN) | 36614 |
| 942 ## - ADDED ENTRY ELEMENTS (KOHA) | |
| Source of classification or shelving scheme | Dewey Decimal Classification |
| Koha item type | Books |
| Withdrawn status | Lost status | Source of classification or shelving scheme | Damaged status | Not for loan | Home library | Current library | Shelving location | Date acquired | Source of acquisition | Total Checkouts | Full call number | Barcode | Date last seen | Copy number | Price effective from | Koha item type |
|---|---|---|---|---|---|---|---|---|---|---|---|---|---|---|---|---|
| Dewey Decimal Classification | Biblioteca Pública José María del Castillo y Rada | Biblioteca Pública José María del Castillo y Rada | Reference | Donación | R / 920 / P979f | 201807175 | 04/05/2021 | v.1 / Ej.1 | Books | |||||||
| Dewey Decimal Classification | Biblioteca Pública José María del Castillo y Rada | Biblioteca Pública José María del Castillo y Rada | Reference | Donación | R / 920 / P979f | 201807176 | 04/05/2021 | v.2 / Ej.1 | Books | |||||||
| Dewey Decimal Classification | Biblioteca Pública José María del Castillo y Rada | Biblioteca Pública José María del Castillo y Rada | Reference | Donación | R / 920 / P979f | 201807177 | 04/05/2021 | v.3 / Ej.1 | Books | |||||||
| Dewey Decimal Classification | Biblioteca Pública José María del Castillo y Rada | Biblioteca Pública José María del Castillo y Rada | Reference | Donación | R / 920 / P979f | 201807178 | 04/05/2021 | v.4 / Ej.1 | Books |